LEADER 01464nam a2200301 a 4500 001 000000130296 003 CaOOAMICUS 005 20120921094317.0 008 120921s2012 be u000 u eng r 020 $a978-90-429-2291-4 040 $aPUL$bita 245 01$a"Godhead here in hiding" :$bincarnation and the history of human suffering /$cedited by Terrence Merrigan, Frederik Glorieux. 260 $aLeuven, Paris, Walpole (MA) :$bUitgeverij Peeters,$c2012. 300 $aXII, 501 p. ;$c25 cm 490 1 $aBibliotheca Ephemeridum theologicarum Lovaniensium ;$v234 504 $aBibliografia in nota e indici. 650 4$aCristologia$xStudi.$0(OLS)http://pul/subject/36480 650 4$aSofferenza$xAspetti spirituali.$0(OLS)http://pul/subject/38135 700 1 $aMerrigan, Terrence.$0(OLS)http://pul/name/59456 700 1 $aGlorieux, Frederik.$0(OLS)http://pul/name/83494 830 0$aBibliotheca Ephemeridum theologicarum Lovaniensium ;$v234.$0(OLS)http://pul/title/1445 850 $aPUL 852 $aPUL$W1$xSL Religione 1$y3$m17 A 234$j150822$qStampati$B149401$CPULBib$Z2$F149401 $H120722 $82 941 1 $a8 996 $6020$a978-90-429-2291-4$9(OLS)http://pul/number/150549 996 $6245$a"Godhead here in hiding" :$bincarnation and the history of human suffering$9(OLS)http://pul/title/164683 996 $6260$aLeuven, Paris, Walpole (MA) :$bUitgeverij Peeters$9(OLS)http://pul/publisher/80512 LEADER 01336nam a2200325 a 4500 001 000000139905 003 CaOOAMICUS 005 20140925095717.0 008 140925s2014 it u000 u ita r 020 $a978-88-14-18061-3 040 $aPUL$bita 082 04$a342.45 100 1 $aRolla, Giancarlo.$0(OLS)http://pul/name/38991 245 10$aElementi di diritto costituzionale comparato /$cGiancarlo Rolla. 250 $a2. ed. 260 $aMilano :$bGiuffrè,$c2014. 300 $aXV, 319 p. ;$c24 cm 490 1 $aIl sistema costituzionale italiano ;$v05 500 $aContiene indice. 650 4$aDiritto costituzionale$zItalia.$0(OLS)http://pul/subject/5313 650 4$aDiritto pubblico comparato.$0(OLS)http://pul/subject/26958 830 0$aSistema costituzionale italiano ;$v05.$0(OLS)http://pul/title/177087 850 $aPUL 852 $aPUL$W1$xSL Diritto e Scienze Sociali 3$y79$m342. 45 ROLGI 1.5$j161599$qDDC 21$B161055$CPULBib$Z2$F161055 $H124664 $82 941 1 $a9 996 $6020$a978-88-14-18061-3$9(OLS)http://pul/number/156033 996 $6082$a342.45$9(OLS)http://pul/classification/377 996 $6245$aElementi di diritto costituzionale comparato$9(OLS)http://pul/title/177090 996 $6260$aMilano :$bGiuffrè$9(OLS)http://pul/publisher/48401